[Event "SVK-chT3B2 1920"]
[Site "Slovakia"]
[Date "2019.12.08"]
[Round "5.6"]
[White "Dusicka, Adam"]
[Black "Sunal, Miroslav"]
[Result "1-0"]
[WhiteElo "1682"]
[BlackElo "1592"]
[PlyCount "111"]
[EventDate "2019.10.06"]
[EventType "team-tourn"]
[EventRounds "11"]
[EventCountry "SVK"]
[SourceTitle "CBM 194 Extra"]
[Source "ChessBase"]
[SourceDate "2020.03.31"]
[SourceVersion "1"]
[SourceVersionDate "2020.03.31"]
[SourceQuality "1"]
[WhiteTeam "Bojnice"]
[BlackTeam "Lehota pod Vtacnikom"]
[WhiteTeamCountry "SVK"]
[BlackTeamCountry "SVK"]

1. d4 d5 2. Bf4 Nf6 3. e3 Bf5 4. Bd3 Bg4 5. Nf3 Nc6 6. Nbd2 e6 7. h3 Bh5 8. Rc1 Nb4 9. a3 Nxd3+ 10. cxd3 c6 11. Qb3 Qc8 12. Qa4 Be7 13. b4 0-0 14. b5 cxb5 15. Rxc8 bxa4 16. Rc7 Bxa3 17. Rxb7 Bc1 18. Ke2 Rfc8 19. Bc7 Bxd2 20. Kxd2 Ne8 21. Bf4 Bxf3 22. gxf3 Rc6 23. Rc1 Rxc1 24. Kxc1 h6 25. Kb2 f6 26. Ka3 g5 27. Bg3 h5 28. Rb8 Rxb8 29. Bxb8 Kf7 30. Kxa4 Kg6 31. Kb5 f5 32. Bxa7 g4 33. fxg4 hxg4 34. hxg4 fxg4 35. Bb8 Nf6 36. Kc6 Kf5 37. Be5 Nh7 38. Bf4 Ng5 39. Bxg5 Kxg5 40. Kd6 Kf5 41. Kc5 Kg5 42. Kb4 Kh4 43. Kc3 Kg5 44. Kd2 Kf5 45. Ke2 e5 46. dxe5 Kxe5 47. f4+ gxf3+ 48. Kxf3 Kf5 49. d4 Kg5 50. e4 dxe4+ 51. Kxe4 Kf6 52. Kd5 Ke7 53. Kc6 Kd8 54. d5 Kc8 55. d6 Kd8 56. d7 1-0

[Event "SVK-chT3B2 1819"]
[Site "Slovakia"]
[Date "2019.02.24"]
[Round "8.8"]
[White "Bebjak, Tomas"]
[Black "Dusicka, Adam"]
[Result "1/2-1/2"]
[WhiteElo "1425"]
[BlackElo "1627"]
[PlyCount "108"]
[EventDate "2018.10.21"]
[EventType "team-tourn"]
[EventRounds "11"]
[EventCountry "SVK"]
[SourceTitle "CBM 189 Extra"]
[Source "ChessBase"]
[SourceDate "2019.06.03"]
[SourceVersion "1"]
[SourceVersionDate "2019.06.03"]
[SourceQuality "1"]
[WhiteTeam "Chynorany"]
[BlackTeam "Bojnice"]
[WhiteTeamCountry "SVK"]
[BlackTeamCountry "SVK"]

1. d4 d5 2. c4 c6 3. Nc3 Nf6 4. Bf4 Bf5 5. e3 e6 6. a3 a5 7. Nf3 a4 8. Bxb8 Qxb8 9. Nxa4 Qa7 10. Nc3 Qa5 11. Qb3 Bb4 12. Rc1 Bxc3+ 13. Qxc3 Qxc3+ 14. Rxc3 Ne4 15. Rc1 0-0 16. Nd2 Rfc8 17. Nxe4 Bxe4 18. f3 Bg6 19. Kd2 c5 20. dxc5 Rxc5 21. Bd3 Bxd3 22. Kxd3 Rac8 23. Rc2 b5 24. b3 bxc4+ 25. bxc4 dxc4+ 26. Kc3 Rb5 27. Rb2 Rxb2 28. Kxb2 Rb8+ 29. Ka2 Kf8 30. Rb1 Rd8 31. Rb2 Ke7 32. Rc2 Rc8 33. Kb2 Kd6 34. Kc3 Kc5 35. Rb2 Ra8 36. Ra2 e5 37. g3 f5 38. a4 e4 39. f4 Rb8 40. a5 Rb3+ 41. Kd2 Rd3+ 42. Ke2 c3 43. a6 Rd8 44. a7 Ra8 45. Kd1 Kb4 46. Kc2 h6 47. h3 g5 48. h4 gxf4 49. gxf4 h5 50. Ra1 Kc4 51. Ra4+ Kb5 52. Ra1 Kb4 53. Ra6 Kb5 54. Ra1 Kb4 1/2-1/2